| 000 | 00680nam a2200217Ia 4500 | ||
|---|---|---|---|
| 999 |
_c41380 _d41380 |
||
| 001 | 8042 | ||
| 003 | GE_BSU | ||
| 005 | 20200116150014.0 | ||
| 008 | 181216s2013||||ge |||||||||||||| ||eng|| | ||
| 040 | _cGE_BSU | ||
| 041 | _aeng | ||
| 080 | _a551.58(479.223) C-51 | ||
| 245 | _aClimate Change Strategy of Ajara. | ||
| 264 |
_aPublished in Georgia, _c2013. |
||
| 300 |
_a284 p. _b21 cm. |
||
| 653 | _aკლიმატი | ||
| 653 | _aგეოლოგია | ||
| 653 | _aმეტეოროლოგია | ||
| 856 |
_u https://www.ge.undp.org/content/dam/georgia/docs/publications/UNDP_GE_EE_Ajara_CC_2013_eng.pdf _yელ. ვერსია, pdf |
||
| 942 |
_cBK _2udc |
||